1340 1752 1928 1781 1510 1803 1500 1043 1386 1138 1934 1331 1257 1288 1064 1237 1343 1174 1825 1910 1347 1333 1260 1007 1100 1516 1309 1727 1377 1433 1986 1848 1659 1598 1977 1820 1219 1171 1530 1124 1325 1664 1489 1201 1406 1309 1305 1719 1178 1448 1825 1479 1420 1523 1829 1579 1289 1789 1633 1645 1624 1431 1109 1892 1467 1442 1607 1336 1570 1977 1507 1553 1798 1574 1331 1471 1171 1883 1051 1568 1114 1811 1931 1749 1005 1900 1280 1308 1795 1510 1099 1079 1883 1551 1737 1452 1128 1573 1409 BCNSPRNW ULIB Ver.6.0+V

เปลี่ยนเป็นภาษาไทย

Change to English
 แสดงรายละเอียดบรรณานุกรม
  กลับหน้าหลัก

Brief Record : Get Marc (ISO 2709) : E-mail record : QR code < ปิดหน้าต่าง
LEADER : 00000nam 2200000uu 4500
001    13399125041
003     ULIB
008    160529s2558||||th 000 0 tha d
020    ^a9786167136714
050  4 HA62^bอ399ส
100 0  ^aอรุณ จิรวัฒน์กุล
245 10 ^aสถิติในงานวิจัย : เลือกใช้อย่างไรให้เหมาะสม =^bStatistics inresearch : appropriate selection /^cอรุณ จิรวัฒน์กุล
246 31 ^aStatistics in research : appropriate selection
250    ^aพิมพ์ครั้งที่ 1
260    ^aกรุงเทพฯ :^bวิทยพัฒน์,^c2558
300    ^a204 หน้า :^bภาพประกอบ ;^c21 ซม.
500    ^aพื้นฐานทั่วไป
650  0 ^aStatistics
650  0 ^aResearch^xStatistical methods
650  4 ^aสถิติศาสตร์
650  4 ^aวิจัย^xระเบียบวิธีทางสถิติ
945    ^p130^l0^i23778
945    ^p130^l0^i23779
999    ^aทศพร เกษรทอง
รายการนี้ยังไม่มีแท็ก
คุณยังไม่ได้ล็อกอิน คุณสามารถมีกิจกรรมร่วมกับเว็บไซต์ได้ แต่ต้องล็อกอินก่อน ::
  ล็อกอิน

รายการสื่อสารสนเทศ

ลำดับที่ ประเภท เลขเรียก/บาร์โค้ด สถานที่ สถานะ
1. การศึกษาทั่วไป
การศึกษาทั่วไป
HA62 อ399ส ฉ.1 
  Barcode: 23778
ห้องสมุดวิทยาเขตนครสวรรค์
►หนังสือทั่วไป:l:General Books
บนชั้น
2. การศึกษาทั่วไป
การศึกษาทั่วไป
HA62 อ399ส ฉ.2 
  Barcode: 23779
ห้องสมุดวิทยาเขตนครสวรรค์
►หนังสือทั่วไป:l:General Books
บนชั้น

รายการใกล้เคียง
    ผู้แต่ง [อรุณ จิรวัฒน์กุล]

    หัวเรื่อง [Statistics]
    หัวเรื่อง [สถิติศาสตร์]

BibComment


ยังไม่เคยถูกคอมเมนท์

คอมเมนท์ทรัพยากรรายการนี้
  คอมเมนท์: สถิติในงานวิจัย ..


 Copyright 2026. Bcnsprnw @Library